| 000 | 00547nam a2200205Ia 4500 | ||
|---|---|---|---|
| 003 | GCL | ||
| 008 | 140319s9999 xx 000 0 ara d | ||
| 040 |
_aGCL / _cGCL |
||
| 082 | 0 | 4 |
_aد _b050 _bز د |
| 100 | 1 | _aدار الهلال | |
| 245 | 1 | 0 |
_aالزهور / _cدار الهلال |
| 300 | _aمتعدد | ||
| 650 | 0 | 4 | _aالادب العربى |
| 650 | 0 | 4 | _aالقصائد والدواوين |
| 650 | 0 | 4 | _aالقصص |
| 650 | 0 | 4 | _aدوريات |
| 650 | 0 | 4 | _aالادب العالمى |
| 650 | 0 | 4 | _aتاريخ ونقد |
| 942 |
_2ddc _cBK |
||
| 999 |
_c27111 _d27111 |
||